Statystyki dla RASY PSÓW- wersja trudna

Kliknij tutaj aby rozwiązać quiz!

Ogólne statystyki

  • Ten quiz został rozwiązany 30 razy
  • Średni wynik to 5 z 20

Statystyki odpowiedzi

Odpowiedź% Poprawnych
Akita
85%
Chow-chow
81%
Grzywacz chiński
78%
Shar Pei
44%
Owczarek Kaukaski
41%
Basenji
37%
Nowofundland
30%
Biały owczarek szwajcarski
26%
Bichon frise
26%
Ogar Polski
15%
Szpic wilczy
15%
Australian cattle dog
11%
Cairn terrier
11%
Terrier szkocki
11%
Dogue de Bordeaux
7%
Rhodesian Ridgeback
7%
Flat coated retriever
4%
Staffordshire bull terrier
4%
Wyżeł Węgierski Krótkowłosy
4%
Springer Spaniel Angielski
0%

Rozkład punktacji

Percentyl według liczby udzielonych odpowiedzi

Procent ludzi z każdym wynikiem

Twoja historia wyników

Nie rozwiązałeś tego quizu